Arte y coexistencia: aportación a una estética marxista moderna
Gorde:
| Egile nagusia: | |
|---|---|
| Formatua: | Liburua |
| Hizkuntza: | gaztelania |
| Argitaratua: |
Barcelona
Península
1968
|
| Saila: | Historia, Ciencia, Sociedad, 24
|
| Gaiak: | |
| Etiketak: |
Etiketa erantsi
Etiketarik gabe, Izan zaitez lehena erregistro honi etiketa jartzen!
|
MARC
| LEADER | 00000nam a2200000 a 4500 | ||
|---|---|---|---|
| 001 | UCO4587 | ||
| 003 | CL-VaPUC | ||
| 008 | 000804e19680000SP |||||||||||||||||spa|d | ||
| 082 | 0 | 4 | |a 701.17 |b FIS |2 21 |
| 100 | 0 | |a Fischer, Ernst |e author |9 449181 | |
| 245 | 1 | 0 | |a Arte y coexistencia: aportación a una estética marxista moderna |
| 300 | |a 322 p | ||
| 942 | |c BK | ||
| 945 | |d 20000804 00:00:00 |a crobeson | ||
| 260 | |a Barcelona |b Península |c 1968 | ||
| 650 | 0 | |a Estética |9 264950 | |
| 650 | 0 | |a Filosofía del arte |9 264951 | |
| 650 | 0 | |a Filosofía marxista |9 337959 | |
| 583 | |a last modification |c 20000804 00:00:00 |k Rodrigo Vera | ||
| 490 | 0 | |a Historia, Ciencia, Sociedad, 24 | |
| 999 | |c 290616 |d 290614 | ||
| 952 | |0 0 |1 0 |4 0 |6 701_170000000000000_FIS_1968 |7 0 |8 A |9 340135 |a BIBART |b BIBART |d 2019-11-20 |i 1214489 |l 2 |o 701.17 FIS 1968 |p 1214489 |r 2025-03-13 |s 2024-11-08 |w 2019-11-20 |y BK |k ART | ||